Evolution in reference and information services : the impact of the internet / (Record no. 601)
| 000 -LEADER | |
|---|---|
| fixed length control field | 01139cam a2200265 a 4500 |
| 001 - CONTROL NUMBER | |
| control field | 12632037 |
| 005 - DATE AND TIME OF LATEST TRANSACTION | |
| control field | 20140116120832.0 |
| 008 - FIXED-LENGTH DATA ELEMENTS--GENERAL INFORMATION | |
| fixed length control field | 011231s2001 nyua b 001 0 eng |
| 010 ## - LIBRARY OF CONGRESS CONTROL NUMBER | |
| LC control number | 2001059402 |
| 020 ## - INTERNATIONAL STANDARD BOOK NUMBER | |
| International Standard Book Number | 9780789017239 |
| 050 00 - LIBRARY OF CONGRESS CALL NUMBER | |
| Classification number | Z711.47.E96 2001 |
| 245 00 - TITLE STATEMENT | |
| Title | Evolution in reference and information services : the impact of the internet / |
| Statement of responsibility, etc | Di Su, editor. |
| 260 ## - PUBLICATION, DISTRIBUTION, ETC. (IMPRINT) | |
| Place of publication, distribution, etc | New York : |
| Name of publisher, distributor, etc | Routledge, |
| Date of publication, distribution, etc | 2001. |
| 300 ## - PHYSICAL DESCRIPTION | |
| Extent | xviii, 230 p. : |
| Other physical details | ill. |
| 500 ## - GENERAL NOTE | |
| General note | "Co-published simultaneously as The reference librarian, number 74, 2001." |
| 504 ## - BIBLIOGRAPHY, ETC. NOTE | |
| Bibliography, etc | Includes bibliographical references and index. |
| 650 #0 - SUBJECT ADDED ENTRY--TOPICAL TERM | |
| Topical term or geographic name as entry element | Internet in library reference services. |
| 700 1# - ADDED ENTRY--PERSONAL NAME | |
| Personal name | Su, Di. |
| 730 0# - ADDED ENTRY--UNIFORM TITLE | |
| Uniform title | Reference librarian. |
| 856 41 - ELECTRONIC LOCATION AND ACCESS | |
| Materials specified | Table of contents |
| Uniform Resource Identifier | <a href="http://www.loc.gov/catdir/toc/fy032/2001059402.html">http://www.loc.gov/catdir/toc/fy032/2001059402.html</a> |
| 856 42 - ELECTRONIC LOCATION AND ACCESS | |
| Materials specified | Publisher description |
| Uniform Resource Identifier | <a href="http://www.loc.gov/catdir/enhancements/fy0810/2001059402-d.html">http://www.loc.gov/catdir/enhancements/fy0810/2001059402-d.html</a> |
| 906 ## - LOCAL DATA ELEMENT F, LDF (RLIN) | |
| a | 7 |
| b | cbc |
| c | orignew |
| d | 1 |
| e | ocip |
| f | 20 |
| g | y-gencatlg |
| 942 ## - ADDED ENTRY ELEMENTS (KOHA) | |
| Source of classification or shelving scheme | |
| Item type | Book |
| Withdrawn status | Lost status | Source of classification or shelving scheme | Damaged status | Not for loan | Home library | Current library | Date acquired | Source of acquisition | Total Checkouts | Full call number | Barcode | Date last seen | Copy number | Price effective from | Koha item type |
|---|---|---|---|---|---|---|---|---|---|---|---|---|---|---|---|
| Riara University Library | Riara University Library | 24/10/2011 | Purchase | Z711.47.E96 2001 | 2415/11 | 24/10/2011 | C.1 | 24/10/2011 | Book | ||||||
| Riara University Library | Riara University Library | 24/10/2011 | Purchase | Z711.47.E96 2001 | 2416/11 | 24/10/2011 | C.2 | 24/10/2011 | Book | ||||||
| Riara University Library | Riara University Library | 24/10/2011 | Purchase | Z711.47.E96 2001 | 2414/11 | 24/10/2011 | C.3 | 24/10/2011 | Book |
